000 01547nam a2200397 i 4500
001 86804
003 FINmELB
005 20241217171515.0
006 m o u
007 cr cn|||||||||
008 241121s2024 sp ob 000 0 spa d
020 _a9788411660945
_q(e-book)
035 _a(OCoLC)1472950069
040 _aFINmELB
_bspa
_erda
_cFINmELB
050 1 4 _aLB1028.55
_bH117 2024
080 _a004.946.5
082 0 4 _a004.678071
_223
245 0 0 _aHacia una comunicación accesible en el metaverso /
_cPavel Sidorenko Bautista (coord.).
264 1 _aBarcelona :
_bEditorial UOC,
_c2024.
300 _a1 recurso en línea (114 páginas)
336 _atexto
_btxt
_2rdacontent/spa
337 _acomputadora
_bc
_2rdamedia/spa
338 _arecurso en línea
_bcr
_2rdacarrier/spa
490 1 _aProfesional de la información
504 _aContiene bibliografía.
588 _aDescripción basada en metadatos suministrados por el editor y otras fuentes.
590 _aRecurso electrónico. Santa Fe, Arg.: elibro, 2024. Disponible vía World Wide Web. El acceso puede estar limitado para las bibliotecas afiliadas a elibro.
650 4 _aEntornos virtuales compartidos.
650 4 _aRealidad virtual
_xAspectos sociales.
650 4 _aInformación científica y técnica.
655 4 _aLibros electrónicos.
700 1 _aSidorenko Bautista, Pavel,
_ecoordinador.
797 2 _aelibro, Corp.
830 0 _aProfesional de la información.
856 4 0 _uhttps://elibro.net/ereader/politecnicointernacional/275262
999 _c86804
_d86804